| 000 | 00644nam a22002177a 4500 | ||
|---|---|---|---|
| 003 | BUBTL | ||
| 008 | 221118b ||||| |||| 00| 0 eng d | ||
| 020 | _a9847002003322 | ||
| 082 | _a822.912/ Sh261/ 2014 | ||
| 100 |
_94578 _aShaw, Bernard |
||
| 245 |
_aPygmalion/ _cBernard Shaw |
||
| 250 | _a1st Edn. | ||
| 260 |
_aDhaka: _bFriends' Book Corner, _cc2014 |
||
| 300 |
_alvii, 154 p.: _c17 cm |
||
| 440 |
_94221 _aFriends' Classics |
||
| 505 | _aPygmalion, Bernard Shaw, Friends' Classics | ||
| 600 | 0 |
_94942 _aEnglish Literature |
|
| 856 |
_k0 _l0 _yDownload |
||
| 942 |
_2ddc _cBK |
||
| 999 |
_c6818 _d6818 |
||